European property cycle monitor (Record no. 107372)

MARC details
000 -LEADER
fixed length control field 01227cad a22002655a 4500
001 - CONTROL NUMBER
control field L139907
008 - FIXED-LENGTH DATA ELEMENTS--GENERAL INFORMATION
fixed length control field 070820s2007 xxkd f s 000 0 eng d
035 ## - SYSTEM CONTROL NUMBER
System control number (Sirsi) u139907
041 0# - LANGUAGE CODE
Language code of text/sound track or separate title eng
050 04 - LIBRARY OF CONGRESS CALL NUMBER
Classification number 333.33 $2 18
100 1# - MAIN ENTRY--PERSONAL NAME
Personal name Topintzi, Ermina
245 00 - TITLE STATEMENT
Title European property cycle monitor
Remainder of title June 2007
Medium [electronic resource]
260 ## - PUBLICATION, DISTRIBUTION, ETC.
Place of publication, distribution, etc. London
Name of publisher, distributor, etc. RREEF
Date of publication, distribution, etc. 2007
520 ## - SUMMARY, ETC.
Summary, etc. Reveals that the predicted mid-cycle economic slowdown is underway, but is milder than expected in Europe. Overall, the Western European office market is in a good position in its 2007 rental cycle, with office rents set to increase across the region's key markets. In terms of shopping centre markets, the growth cycles across Europe are mixed, and the Western European industrial market is still in a weak growth phase of its market cycle.
590 ## - LOCAL NOTE (RLIN)
Local note KA
651 #4 - SUBJECT ADDED ENTRY--GEOGRAPHIC NAME
Geographic name Europe
690 ## - LOCAL SUBJECT ADDED ENTRY--TOPICAL TERM (OCLC, RLIN)
Topical term or geographic name as entry element PROPERTY-COMMERCIAL PROPERTY-COMMERCIAL PROPERTY MARKET
700 1# - ADDED ENTRY--PERSONAL NAME
Personal name Vaeth, Maren
700 1# - ADDED ENTRY--PERSONAL NAME
Personal name Lowik, Lonneke
700 1# - ADDED ENTRY--PERSONAL NAME
Personal name Chin, Henry
700 1# - ADDED ENTRY--PERSONAL NAME
Personal name Hobbs, Peter
710 2# - ADDED ENTRY--CORPORATE NAME
Corporate name or jurisdiction name as entry element Deutsche Bank
Subordinate unit RREEF
-- Real Estate Research
9 (RLIN) 5322
856 40 - ELECTRONIC LOCATION AND ACCESS
Uniform Resource Identifier <a href="https://www.rreef.com">https://www.rreef.com</a>
Public note View the report free of charge at www.rreef.com...
942 ## - ADDED ENTRY ELEMENTS (KOHA)
Suppress in OPAC 0
Holdings
Withdrawn status Lost status Source of classification or shelving scheme Damaged status Not for loan Home library Current library Shelving location Date acquired Total Checkouts Full call number Barcode Date last seen Copy number Price effective from Koha item type
    Dewey Decimal Classification     Virtual Virtual Online 20/08/2007   ONLINE PUBLICATION 139907-2001 06/08/2019 1 06/08/2019 Book